El arte de la noche /

Shranjeno v:
Bibliografske podrobnosti
Glavni avtor: Pérez Gay, Rafael (autor)
Format: Knjiga
Jezik:španščina
Izdano: México : Aldus : CONACULTA, 2001, c2001
Serija:(La Centena. Narrativa)
Teme:
Oznake: Označite
Brez oznak, prvi označite!

MARC

LEADER 00000nam^a2200000^a^4500
001 000165806
005 20250521000000.0
009 20260310101032.069
020 |a 970-18-7397-1 
037 |a Acervo ITESO - Biblioteca 
041 |a ESP 
082 |a 863.  |b PER 
100 |a Pérez Gay, Rafael  |e (autor) 
245 1 3 |a El arte de la noche /  |c R. Pérez Gay. 
264 4 |a México :  |b Aldus :  |b CONACULTA,  |c 2001, c2001 
300 |a 79 p. 
336 |a texto  |b txt  |2 rdacontenido 
337 |a sin mediación  |b n  |2 rdamedio 
338 |a volumen  |b nc  |2 rdasoporte 
440 4 |a (La Centena.  |p Narrativa) 
649 |a XX 
650 |a Cuentos Mexicanos 
650 |a Literatura Mexicana -  |y Siglo XXI 
910 |a Fondo General 
920 |a Impresos - Libros 
930 |a Colección General 
940 |a Literatura 
905 |a 101 
901 |a 0500100795  |b IT1  |c LIT  |u 20250521 
902 |a https://opac.biblio.iteso.mx/vufind/Record/000165806